[Event "GER-chT U16"]
[Site "Neumarkt in der Oberpfalz"]
[Date "2016.12.29"]
[Round "5.3"]
[White "Baureis, Julian"]
[Black "Hofmann, Timo"]
[Result "1/2-1/2"]
[WhiteElo "1538"]
[BlackElo "1798"]
[PlyCount "55"]
[EventDate "2016.12.27"]
[EventType "team-swiss"]
[EventRounds "7"]
[EventCountry "GER"]
[SourceTitle "EXT 2018"]
[Source "ChessBase"]
[SourceDate "2017.10.13"]
[SourceVersion "1"]
[SourceVersionDate "2017.10.13"]
[SourceQuality "1"]
[WhiteTeam "Walldorf"]
[BlackTeam "Leipzig SG"]
[WhiteTeamCountry "GER"]
[BlackTeamCountry "GER"]

1. d4 Nf6 2. c4 g6 3. Nc3 Bg7 4. e4 d6 5. Nf3 0-0 6. Be2 e5 7. 0-0 Nc6 8. d5 Ne7 9. b4 Nh5 10. Re1 f5 11. Ng5 Nf6 12. Bf3 c6 13. Ne6 Bxe6 14. dxe6 fxe4 15. Nxe4 Nxe4 16. Bxe4 d5 17. cxd5 cxd5 18. Bc2 Qb6 19. Qd2 e4 20. Rb1 Bc3 21. Qe2 Bxe1 22. Qxe1 Qxe6 23. Bb3 Qf7 24. Bg5 Rac8 25. f3 exf3 26. Qxe7 f2+ 27. Kf1 Qf5 28. Rd1 1/2-1/2

[Event "GER-chT U16"]
[Site "Magdeburg"]
[Date "2014.12.30"]
[Round "7.4"]
[White "Tiedemann, Fin Niklas"]
[Black "Hofmann, Timo"]
[Result "0-1"]
[WhiteElo "1820"]
[BlackElo "1649"]
[PlyCount "92"]
[EventDate "2014.12.27"]
[EventType "team-swiss"]
[EventRounds "7"]
[EventCountry "GER"]
[SourceTitle "EXT 2016"]
[Source "ChessBase"]
[SourceDate "2015.10.08"]
[SourceVersion "1"]
[SourceVersionDate "2015.10.08"]
[SourceQuality "1"]
[WhiteTeam "Luebeck"]
[BlackTeam "Leipzig SG"]
[WhiteTeamCountry "GER"]
[BlackTeamCountry "GER"]

1. e4 e6 2. d3 d5 3. Nd2 c5 4. g3 Nc6 5. Bg2 g6 6. Ngf3 Bg7 7. 0-0 Nge7 8. Re1 Qc7 9. Qe2 a5 10. c3 0-0 11. e5 b5 12. d4 cxd4 13. cxd4 Nf5 14. Rd1 Nfxd4 15. Qd3 Nxf3+ 16. Nxf3 Nxe5 17. Nxe5 Bxe5 18. Qxb5 Ba6 19. Qa4 Rfc8 20. Bh6 Bxb2 21. Rab1 Bg7 22. Rdc1 Qd8 23. Bxg7 Kxg7 24. Rd1 Qc7 25. Qd4+ Kg8 26. Bh3 Qc3 27. Qf4 Qc2 28. Qf6 Qc3 29. Qf4 Kg7 30. Qg5 Qf6 31. Qd2 Bc4 32. Rb2 Rcb8 33. Rc2 Rb5 34. Bg2 Rab8 35. h4 Rb2 36. Rdc1 a4 37. a3 R8b3 38. Kh2 Rxc2 39. Rxc2 Rxa3 40. h5 gxh5 41. Qa5 Ra1 42. Rxc4 dxc4 43. Qc5 a3 44. Bh3 a2 45. Qxh5 Qxf2+ 46. Bg2 Rh1+ 0-1

[Event "GER-chT U16"]
[Site "Magdeburg"]
[Date "2014.12.27"]
[Round "2.4"]
[White "Hofmann, Timo"]
[Black "Lueckerath, Moritz"]
[Result "0-1"]
[WhiteElo "1649"]
[BlackElo "1727"]
[PlyCount "98"]
[EventDate "2014.12.27"]
[EventType "team-swiss"]
[EventRounds "7"]
[EventCountry "GER"]
[SourceTitle "EXT 2016"]
[Source "ChessBase"]
[SourceDate "2015.10.08"]
[SourceVersion "1"]
[SourceVersionDate "2015.10.08"]
[SourceQuality "1"]
[WhiteTeam "Leipzig SG"]
[BlackTeam "Duesseldorf"]
[WhiteTeamCountry "GER"]
[BlackTeamCountry "GER"]

1. d4 Nf6 2. c4 c5 3. d5 e6 4. Nc3 exd5 5. cxd5 d6 6. e4 g6 7. Nge2 Bg7 8. Ng3 0-0 9. Be2 a6 10. a4 Nbd7 11. Be3 Ne8 12. Qd2 Ne5 13. h3 Nc7 14. 0-0 Rb8 15. f4 Nd7 16. a5 b5 17. axb6 Rxb6 18. Ra5 Rb4 19. Rfa1 Nb6 20. e5 Re8 21. exd6 Rxe3 22. dxc7 Qxc7 23. Nf1 Re8 24. Bxa6 Bxa6 25. Rxa6 Nc4 26. Qc1 Rxb2 27. R1a2 Rxa2 28. Rxa2 Bd4+ 29. Kh1 Bxc3 30. Qxc3 Qxf4 31. Kg1 Qd4+ 32. Qxd4 cxd4 33. Ra4 Rc8 34. d6 Nxd6 35. Rxd4 Nf5 36. Rd3 Rc4 37. g4 Rd4 38. Rc3 Ne7 39. g5 h6 40. gxh6 Rh4 41. Kg2 Rxh6 42. Kg3 Rh5 43. Ne3 Re5 44. Ng4 Re6 45. Ne3 Rxe3+ 46. Rxe3 Nf5+ 47. Kf2 Nxe3 48. Kxe3 Kg7 49. Kf4 Kh6 0-1

[Event "Sachsen-ch U12"]
[Site "Sebnitz"]
[Date "2012.04.13"]
[Round "6"]
[White "Hofmann, Timo"]
[Black "Schubert, Arvid"]
[Result "0-1"]
[WhiteElo "1271"]
[BlackElo "1432"]
[PlyCount "106"]
[EventDate "2012.04.10"]
[EventType "swiss"]
[EventRounds "7"]
[EventCountry "GER"]
[SourceTitle "CBM 148 Extra"]
[Source "ChessBase"]
[SourceDate "2012.06.22"]
[SourceVersion "1"]
[SourceVersionDate "2012.06.22"]
[SourceQuality "1"]

1. d4 Nf6 2. c4 c5 3. d5 b5 4. cxb5 a6 5. bxa6 Bxa6 6. Nc3 d6 7. Nf3 g6 8. g3 Bg7 9. Bg2 Nbd7 10. 0-0 0-0 11. Bf4 Qb6 12. Qd2 Rfb8 13. Rab1 Ng4 14. h3 Nge5 15. b3 Nxf3+ 16. Bxf3 Ne5 17. Rfe1 Qb4 18. Ne4 Nxf3+ 19. exf3 Qxd2 20. Nxd2 Kf8 21. Re3 Bd4 22. Bh6+ Ke8 23. Ree1 Bd3 24. Rbd1 Rxa2 25. Be3 Bc3 26. Kg2 Bxd2 27. Rxd2 Rxd2 28. Bxd2 Rxb3 29. Rc1 Be2 30. Re1 Bxf3+ 31. Kg1 Bxd5 32. Rc1 Be6 33. h4 Bf5 34. Bc3 Rb1 35. Rxb1 Bxb1 36. Kf1 Kd7 37. Ke2 Ke6 38. Ke3 Kd5 39. f4 h5 40. Bb2 f6 41. Bc3 e5 42. Bb2 Ke6 43. Bc3 e4 44. Bb2 f5 45. Bc3 d5 46. Ba5 d4+ 47. Kd2 Kd5 48. Kc1 Bd3 49. Kd2 c4 50. Bb4 Bf1 51. Ba5 Bh3 52. Bb4 Bg4 53. Ba5 e3+ 0-1

[Event "Sachsen-ch U12"]
[Site "Sebnitz"]
[Date "2012.04.11"]
[Round "2"]
[White "Hofmann, Timo"]
[Black "Schuering, Lewin"]
[Result "1/2-1/2"]
[WhiteElo "1271"]
[BlackElo "1438"]
[PlyCount "35"]
[EventDate "2012.04.10"]
[EventType "swiss"]
[EventRounds "7"]
[EventCountry "GER"]
[SourceTitle "CBM 148 Extra"]
[Source "ChessBase"]
[SourceDate "2012.06.22"]
[SourceVersion "1"]
[SourceVersionDate "2012.06.22"]
[SourceQuality "1"]

1. d4 d5 2. c4 e6 3. Nc3 Nf6 4. Bg5 Be7 5. Nf3 0-0 6. e3 h6 7. Bf4 Nh5 8. Bg3 Nxg3 9. fxg3 c6 10. Bd3 Nd7 11. 0-0 f6 12. Nh4 dxc4 13. Bxc4 Nb6 14. Bd3 Nd5 15. Nxd5 exd5 16. Qc2 f5 17. Ng6 Rf6 18. Ne5 1/2-1/2